Word Ladder: Illness Quiz Stats

 Plays Quiz Updated Jan 26, 2012

Support Sporcle.
Go Orange.
Score 0/40 Timer 04:00
0 Plays Today
Clue Word % Correct
✙ Ill people get 'Get ____ soon' cards ✙✙ WELL ✙
97.5%
A group of players on the same sideTEAM
95.7%
Falling water from the skyRAIN
94.9%
✙ May want to write this if terminally ill ✙✙ WILL ✙
94.9%
✙ What you may take to fight an illness ✙✙ PILL ✙
93.4%
A dark greenish-blue colorTEAL
93.3%
✙ Physical suffering caused by illness ✙✙ PAIN ✙
92.3%
Communicate informationTELL
92%
A bucketPAIL
91.7%
A group of musiciansBAND
90.3%
✙ This may be runny or stuffed when ill ✙✙ NOSE ✙
90.3%
✙ A 'common' kind of illness ✙✙ COLD ✙
88.7%
Strike a positionPOSE
86.8%
✙ Another word for ill ✙✙ SICK ✙
85.2%
A small opening in the surface of the skinPORE
85%
A cloth spread over a coffinPALL
84.4%
Confident and courageousBOLD
83.7%
A surprise attackRAID
81.5%
✙ You might be this after radiotherapy ✙✙ BALD ✙
80.7%
100 cents in South AfricaRAND
78.5%
Clue Word % Correct
The centre of an objectCORE
77.6%
Oriental food, easy to eat a thousand ofRICE
76.2%
Rope made from several twisted strandsCORD
75.4%
Discharge a gunFIRE
75.1%
A trigonometric functionSINE
73.7%
Not corruptPURE
73.6%
✙ A substance that remedies a disease ✙✙ CURE ✙
73.5%
✙ Bacteria that may cause sickness ✙✙ GERM ✙
73.2%
A period of timeTERM
72.9%
Go further below the surfaceSINK
72.8%
Land area equivalent to 0.405 hectareACRE
72.6%
Move to a higher positionRISE
72.4%
✙ This may cause skin to itch or swell ✙✙ RASH ✙
72%
✙ What you wish to be when you're sick ✙✙ FINE ✙
71.6%
✙ Dull pain in a part of the body ✙✙ ACHE ✙
71.3%
A stack of hayRICK
67.4%
Eat food enthusiasticallyNOSH
65.1%
Two time Canadian NBA MVPNASH
64.5%
Tear down a building in the UKRASE
63.9%
A river in northern EnglandAIRE
60.6%

Today's Daily Dose

Word Ladder
ING Words

Get the Picture
Nearest Volcano

From the Vault

Hunger Games: Odd One Out

by mcomisky

If you're going to go with the odd one out, always choose the capital, there are some weird hairstyles.
Remove Ads.
Support Sporcle.
Get the best of Sporcle when you Go Orange. This ad-free experience offers more features, more stats, and more fun while also helping to support Sporcle. Thank you for becoming a member.

Show Comments

Extras

Top Quizzes Today


Score Distribution

Your Account Isn't Verified!

In order to create a playlist on Sporcle, you need to verify the email address you used during registration. Go to your Sporcle Settings to finish the process.

Report this User

Report this user for behavior that violates our Community Guidelines.

Details: